3. quartetto d'archi (1966) : partitura e parti /

Main Author: Tausinger, Jan, 1921-1980
Language: No linguistic content
Published: Praha : Český hudební fond, 1975
Physical Description: 1 partitura (15 s.)
Musical Score Musical Score
Saved in:
LEADER 00797ncm a22002292a 4500
001 001197229
003 CZ BrMZK
005 20120404144001.0
007 qu
008 120228s1975 xr |||||||||||||||||zxx d
040 |a BOA001  |b cze 
072 7 |a 787  |x Hudba pro strunné a smyčcové nástroje  |2 Konspekt  |9 9 
100 1 |a Tausinger, Jan,  |d 1921-1980  |7 jz8001293  |4 cmp 
245 1 0 |a 3. quartetto d'archi  |h [hudebnina] :  |b (1966) : partitura e parti /  |c Jan Tausinger 
246 1 |i Název v tiráži:  |a 3. smyčcový kvartet 
260 |a Praha :  |b Český hudební fond,  |c 1975 
300 |a 1 partitura (15 s.) 
500 |a Hlasy chybějí 
910 |a BOA001  |b Mus4-0962.523 
990 |a MU 
991 |b 201202 
996 6 |b 2619053458  |c Mus4-0962.523  |l MZK  |r Sklad / do 1 hodiny  |n 0  |w 001230885  |u 000010  |a 1  |e BOA001  |j MZK50  |s P